Unit operations of chemical engineering (Record no. 3799)

000 -LEADER
fixed length control field 00652nam a2200241 a 4500
001 - CONTROL NUMBER
control field 3799
003 - CONTROL NUMBER IDENTIFIER
control field BD-DhUET
008 - FIXED-LENGTH DATA ELEMENTS--GENERAL INFORMATION
fixed length control field 850523s1985 nyua b 001 0 eng
020 ## - INTERNATIONAL STANDARD BOOK NUMBER
International Standard Book Number 0070448280
040 ## - CATALOGING SOURCE
Modifying agency BD-DhUET
Transcribing agency 0
082 0# - DEWEY DECIMAL CLASSIFICATION NUMBER
Classification number 660.2842
Item number MCC/1985
100 1# - MAIN ENTRY--PERSONAL NAME
Personal name McCabe, Warren L.
245 10 - TITLE STATEMENT
Title Unit operations of chemical engineering
250 ## - EDITION STATEMENT
Edition statement 4th ed.
260 ## - PUBLICATION, DISTRIBUTION, ETC. (IMPRINT)
Place of publication, distribution, etc. New York
Name of publisher, distributor, etc. McGraw-Hill
Date of publication, distribution, etc. 1985
300 ## - PHYSICAL DESCRIPTION
Extent x, 960 p.
Other physical details ill.
Dimensions 25 cm.
490 1# - SERIES STATEMENT
Series statement McGraw-Hill chemical engineering series
504 ## - BIBLIOGRAPHY, ETC. NOTE
Bibliography, etc Includes bibliographies
650 #0 - SUBJECT ADDED ENTRY--TOPICAL TERM
Topical term or geographic name as entry element Chemical Processer
700 1# - ADDED ENTRY--PERSONAL NAME
Personal name Smith, Julian C.
700 1# - ADDED ENTRY--PERSONAL NAME
Personal name Harriott, Peter.
942 ## - ADDED ENTRY ELEMENTS (KOHA)
Koha item type General Book
Holdings
Koha date last borrowed Withdrawn status Koha normalized classification for sorting Damaged status Source of classification or shelving scheme Koha item type Koha issues (times borrowed) Sublocation or collection (holding branch) Not for loan Koha date last seen Piece designation (barcode) Koha full call number Shelving location Location (home branch) Price effective from Date acquired Lost status Copy number
  660_000000000000000_2842MCC198  General Book Central Library, BUET 2016-10-2372739660.2842/MCC/1985Circulation sectionCentral Library, BUET2014-11-052014-11-05 1
  660_000000000000000_2842MCC198  General Book Central Library, BUET 2014-11-0577549660.2842/MCC/1985Circulation sectionCentral Library, BUET2014-11-052014-11-05 2
2018-11-14 660_000000000000000_2842MCC198  General Book2Central Library, BUET 2018-12-0477550660.2842/MCC/1985Circulation sectionCentral Library, BUET2014-11-052014-11-05 3
  660_284200000000000_MCC_1985  Reading Item Central Library, BUET 2015-07-0168731660.2842/MCC/1985Reading sectionCentral Library, BUET2015-07-012015-07-01 4
  660_284200000000000_MCC_1985  Rental Item Central Library, BUET 2024-11-2573910660.2842 MCC/1985Rental sectionCentral Library, BUET2024-11-251989-06-27 ৪/ক-১
  660_284200000000000_MCC_1985  Rental Item Central Library, BUET 2024-11-2573911660.2842 MCC/1985Rental sectionCentral Library, BUET2024-11-251989-06-27 ৪/ক-২
  660_284200000000000_MCC_1985  Rental Item Central Library, BUET 2024-11-2573912660.2842 MCC/1985Rental sectionCentral Library, BUET2024-11-251989-06-27 ৪/ক-৩
  660_284200000000000_MCC_1985  Rental Item Central Library, BUET 2024-11-2573913660.2842 MCC/1985Rental sectionCentral Library, BUET2024-11-251989-06-27 ৪/ক-৪
  660_284200000000000_MCC_1985  Rental Item Central Library, BUET 2024-11-2573914660.2842 MCC/1985Rental sectionCentral Library, BUET2024-11-251989-06-27 ৪/ক-৫
  660_284200000000000_MCC_1985  Rental Item Central Library, BUET 2024-11-2573915660.2842 MCC/1985Rental sectionCentral Library, BUET2024-11-251989-06-27 ৪/ক-৬
  660_284200000000000_MCC_1985  Rental Item Central Library, BUET 2024-11-2573916660.2842 MCC/1985Rental sectionCentral Library, BUET2024-11-251989-06-27 ৪/ক-৭
  660_284200000000000_MCC_1985  Rental Item Central Library, BUET 2024-11-2573917660.2842 MCC/1985Rental sectionCentral Library, BUET2024-11-251989-06-27 ৪/ক-৮
  660_284200000000000_MCC_1985  Rental Item Central Library, BUET 2024-11-2573918660.2842 MCC/1985Rental sectionCentral Library, BUET2024-11-251989-06-27 ৪/ক-৯
  660_284200000000000_MCC_1985  Rental Item Central Library, BUET 2024-11-2573919660.2842 MCC/1985Rental sectionCentral Library, BUET2024-11-251989-06-27 ৪/ক-১০
  660_284200000000000_MCC_1985  Rental Item Central Library, BUET 2024-11-2573934660.2842 MCC/1985Rental sectionCentral Library, BUET2024-11-251989-06-27 ৪/ক-২৫
  660_284200000000000_MCC_1985  Rental Item Central Library, BUET 2024-11-2573935660.2842 MCC/1985Rental sectionCentral Library, BUET2024-11-251989-06-27 ৪/ক-২৬